| 000 | 00533nam a22001697a 4500 | ||
|---|---|---|---|
| 003 | NUST | ||
| 005 | 20260413143941.0 | ||
| 008 | 260413b ||||| |||| 00| 0 eng d | ||
| 020 | _a978-99699111013 | ||
| 082 |
_a552 _bHUS |
||
| 100 |
_aSyed Shahid Hussain, Hamid Dawood. _9134069 |
||
| 245 |
_aGeological Materials and Aggregates of Pakistan / _cSyed Shahid Hussain, Hamid Dawood. |
||
| 260 |
_aPakistan: _bNational Geological Society of Pakistan, _c2007. |
||
| 300 |
_a150 p ; _c27.5 cm |
||
| 563 | _aHardcover | ||
| 942 |
_2ddc _cBK |
||
| 999 |
_c616999 _d616999 |
||